[Event "Norrkoeping Easter op"]
[Site "Norrkoeping"]
[Date "2024.03.30"]
[Round "5"]
[White "Morell, Ludvig"]
[Black "Bjorkeroth, Johan"]
[Result "1/2-1/2"]
[WhiteElo "1940"]
[BlackElo "2133"]
[PlyCount "84"]
[EventDate "2024.03.29"]
[EventType "swiss"]
[EventRounds "8"]
[EventCountry "SWE"]
[SourceTitle "CBM 219 Extra"]
[Source "ChessBase"]
[SourceDate "2024.05.31"]
[SourceVersion "1"]
[SourceVersionDate "2024.05.31"]
[SourceQuality "1"]

1. e4 c6 2. d4 d5 3. Nc3 dxe4 4. Nxe4 Nf6 5. Nxf6+ exf6 6. c3 Bd6 7. Bd3 0-0 8. Ne2 Re8 9. Qc2 h5 10. 0-0 h4 11. h3 Nd7 12. c4 Nf8 13. Be3 Ne6 14. a3 Bd7 15. b4 Rc8 16. Qd2 Bb8 17. Bf5 Qc7 18. f4 Nc5 19. bxc5 Bxf5 20. Bf2 g5 21. d5 cxd5 22. cxd5 Qd7 23. d6 Bxd6 24. Qxd6 Rxe2 25. Qxf6 Rc6 26. Qc3 g4 27. Rad1 Qc8 28. Bxh4 gxh3 29. Rf2 Rxf2 30. Kxf2 Rxc5 31. Rd8+ Qxd8 32. Qg3+ Kf8 33. Bxd8 Rc2+ 34. Kg1 Rxg2+ 35. Qxg2 hxg2 36. Kxg2 Ke8 37. Bf6 Kd7 38. Kf3 Kc6 39. Ke3 Kd5 40. Be7 Kc4 41. Kd2 Kb3 42. Kc1 Be4 1/2-1/2

[Event "Uppsala Young Champions 10th"]
[Site "Uppsala"]
[Date "2023.11.01"]
[Round "9"]
[White "Morell, Ludvig"]
[Black "Oksendal, Martin"]
[Result "0-1"]
[WhiteElo "2017"]
[BlackElo "2123"]
[PlyCount "76"]
[EventDate "2023.10.27"]
[EventType "swiss"]
[EventRounds "9"]
[EventCountry "SWE"]
[SourceTitle "CBM 217 Extra"]
[Source "ChessBase"]
[SourceDate "2024.01.31"]
[SourceVersion "1"]
[SourceVersionDate "2024.01.31"]
[SourceQuality "1"]

1. e4 c5 2. Nf3 d6 3. d4 cxd4 4. Nxd4 Nf6 5. Nc3 a6 6. f3 e5 7. Nb3 Be6 8. Be3 h5 9. Qd2 Nbd7 10. Nd5 Bxd5 11. exd5 g6 12. Be2 Bg7 13. 0-0 b6 14. c4 0-0 15. Bh6 a5 16. Bxg7 Kxg7 17. a4 Qc7 18. Qc3 Rfe8 19. Bd3 Nc5 20. Nd2 Rac8 21. b3 Na6 22. f4 Nxd5 23. Qb2 Nf6 24. f5 Nb4 25. Qb1 Qc5+ 26. Kh1 Qe3 27. fxg6 Qxd3 28. gxf7 Rf8 29. Qe1 Rxf7 30. Rf3 Qd4 31. Qg3+ Kh7 32. Raf1 Qxd2 33. Qh3 Rcf8 34. Qf5+ Kg8 35. Rg3+ Rg7 36. Rg6 Qd3 37. Qe6+ Kh7 38. Rgxf6 Qxf1+ 0-1

[Event "Portoroz op 14th"]
[Site "Portoroz"]
[Date "2023.07.21"]
[Round "8"]
[White "Morell, Ludvig"]
[Black "Kolesar, Milan"]
[Result "0-1"]
[WhiteElo "1958"]
[BlackElo "2078"]
[PlyCount "150"]
[EventDate "2023.07.15"]
[EventType "swiss"]
[EventRounds "9"]
[EventCountry "SLO"]
[SourceTitle "CBM 215 Extra"]
[Source "ChessBase"]
[SourceDate "2023.09.30"]
[SourceVersion "1"]
[SourceVersionDate "2023.09.30"]
[SourceQuality "1"]

1. e4 c5 2. Nf3 d6 3. d4 cxd4 4. Nxd4 Nf6 5. Nc3 Nc6 6. Bg5 e6 7. Qd2 a6 8. 0-0-0 h6 9. Nxc6 bxc6 10. Bf4 d5 11. Qe3 Be7 12. Be2 Nd7 13. exd5 cxd5 14. Rxd5 exd5 15. Nxd5 Kf8 16. Bf3 Bc5 17. Qc3 Kg8 18. Nb6 Qxb6 19. Bxa8 Nf6 20. Be5 Bf5 21. g4 Bg6 22. f4 Nxg4 23. Bxg7 Bb4 24. Bd4 Bxc3 25. Bxb6 Bg7 26. Rg1 Kh7 27. Bf3 Nxh2 28. Bd1 Rb8 29. Bc5 Bxb2+ 30. Kd2 f5 31. c3 Rb5 32. Bd4 Ba3 33. Be2 Rb2+ 34. Ke3 Ng4+ 35. Bxg4 fxg4 36. Rxg4 Rb5 37. c4 Rh5 38. Be5 Bc5+ 39. Kd2 Rh2+ 40. Ke1 h5 41. Rg5 Be7 42. Rg1 Bb4+ 43. Kd1 Rxa2 44. Rg5 Be7 45. Rg3 h4 46. Rg1 Bd6 47. Rh1 Bxe5 48. Rxh4+ Kg7 49. fxe5 Ra5 50. Rd4 Rxe5 51. Rd6 Ra5 52. Kd2 Be8 53. Kc3 Kf7 54. Kb4 Ra1 55. Rd5 Ra4+ 56. Kc5 Ke7 57. Kb6 Rxc4 58. Kxa6 Rb4 59. Ka5 Rb1 60. Rd4 Bc6 61. Rb4 Ra1+ 62. Kb6 Kd6 63. Rd4+ Bd5 64. Rh4 Rb1+ 65. Ka7 Bc6 66. Rh6+ Kc7 67. Rh7+ Bd7 68. Rh6 Rb4 69. Rg6 Ra4+ 70. Ra6 Re4 71. Rh6 Be6 72. Ka6 Kc6 73. Ka5 Kc5 74. Ka6 Bd5 75. Ka7 Re8 0-1

[Event "SWE-ch Blitz"]
[Site "Stockholm"]
[Date "2023.01.01"]
[Round "1"]
[White "Keinanen, Toivo"]
[Black "Morell, Ludvig"]
[Result "0-1"]
[WhiteElo "2508"]
[BlackElo "1838"]
[PlyCount "38"]
[EventDate "2023.01.01"]
[EventType "swiss (blitz)"]
[EventRounds "13"]
[EventCountry "SWE"]
[SourceTitle "CBM 211 Extra"]
[Source "ChessBase"]
[SourceDate "2023.01.31"]
[SourceVersion "1"]
[SourceVersionDate "2023.01.31"]
[SourceQuality "1"]

1. e4 Nc6 2. d4 d5 3. exd5 Qxd5 4. Nf3 Bg4 5. Nc3 Qf5 6. Be2 0-0-0 7. Be3 e5 8. 0-0 Nf6 9. d5 Nb4 10. Bxa7 Nfxd5 11. Nxd5 Rxd5 12. Qc1 Qxc2 13. Qxc2 Nxc2 14. Rac1 Nb4 15. a3 Nc6 16. Be3 f5 17. Bc4 Bxf3 18. gxf3 Rd6 19. Bc5 Rg6+ 0-1

[Event "Uppsala Young Champions 9th"]
[Site "Uppsala"]
[Date "2022.11.02"]
[Round "9"]
[White "Ostlund, Joar"]
[Black "Morell, Ludvig"]
[Result "1-0"]
[WhiteElo "2256"]
[BlackElo "1873"]
[PlyCount "69"]
[EventDate "2022.10.28"]
[EventType "swiss"]
[EventRounds "9"]
[EventCountry "SWE"]
[SourceTitle "EXT 2024"]
[Source "ChessBase"]
[SourceDate "2023.10.10"]
[SourceVersion "1"]
[SourceVersionDate "2023.10.10"]
[SourceQuality "1"]

1. d4 d5 2. c4 e6 3. Nc3 Nf6 4. cxd5 exd5 5. Bg5 c6 6. e3 Be7 7. Bd3 Nbd7 8. Qc2 g6 9. Nf3 Nh5 10. Bxe7 Qxe7 11. 0-0 Nb6 12. Rfe1 0-0 13. a3 Ng7 14. e4 dxe4 15. Nxe4 Bf5 16. Qd2 Bxe4 17. Rxe4 Qc7 18. Rh4 Ne6 19. Re1 Rae8 20. Bc2 Nd5 21. Ne5 f5 22. Bb3 Qe7 23. Rh3 Qg7 24. Bxd5 cxd5 25. Qa5 Nf4 26. Rf3 b6 27. Qb5 g5 28. g3 Nh3+ 29. Kg2 Rd8 30. Nc6 Rd7 31. Rfe3 f4 32. Re7 f3+ 33. Kf1 Rf7 34. Re8+ Rf8 35. Ne7+ 1-0

[Event "Barcelona Sant Marti op-A 22nd"]
[Site "Barcelona"]
[Date "2022.07.21"]
[Round "9"]
[White "Pimpalkhare, Vedant"]
[Black "Morell, Ludvig"]
[Result "1-0"]
[WhiteElo "2057"]
[BlackElo "1867"]
[PlyCount "77"]
[EventDate "2022.07.13"]
[EventType "swiss"]
[EventRounds "9"]
[EventCountry "ESP"]
[SourceTitle "CBM 209 Extra"]
[Source "ChessBase"]
[SourceDate "2022.09.30"]
[SourceVersion "1"]
[SourceVersionDate "2022.09.30"]
[SourceQuality "1"]

1. Nf3 c5 2. g3 Nc6 3. c4 e5 4. Nc3 d6 5. Bg2 g6 6. 0-0 Bg7 7. d3 Nge7 8. a3 a5 9. Rb1 0-0 10. Ne1 Be6 11. Nc2 d5 12. cxd5 Nxd5 13. Ne4 b6 14. Ng5 Bc8 15. Ne3 Nxe3 16. Bxe3 Bb7 17. b4 axb4 18. axb4 cxb4 19. Rc1 Na5 20. Bxb7 Nxb7 21. Qb3 Nd6 22. Nf3 Nf5 23. Bg5 Qd6 24. Bd2 Rfc8 25. Bxb4 Qd7 26. Bc3 Nd4 27. Bxd4 exd4 28. Rxc8+ Rxc8 29. Qxb6 Re8 30. Qb2 Qe6 31. Qd2 Ra8 32. Rb1 h5 33. Kg2 Qd5 34. h4 Bf8 35. Qf4 Qa2 36. Rb7 Bg7 37. Rb8+ Rxb8 38. Qxb8+ Bf8 39. Nxd4 1-0

[Event "Barcelona Sant Marti op-A 22nd"]
[Site "Barcelona"]
[Date "2022.07.20"]
[Round "8"]
[White "Morell, Ludvig"]
[Black "Bakshi, Rutuja"]
[Result "1/2-1/2"]
[WhiteElo "1867"]
[BlackElo "2084"]
[PlyCount "37"]
[EventDate "2022.07.13"]
[EventType "swiss"]
[EventRounds "9"]
[EventCountry "ESP"]
[SourceTitle "CBM 209 Extra"]
[Source "ChessBase"]
[SourceDate "2022.09.30"]
[SourceVersion "1"]
[SourceVersionDate "2022.09.30"]
[SourceQuality "1"]

1. e4 d6 2. d4 Nf6 3. Nc3 g6 4. f3 c6 5. Be3 b5 6. a3 a6 7. Nge2 Qc7 8. Nf4 e5 9. dxe5 dxe5 10. Nd3 Nbd7 11. Be2 Bb7 12. a4 b4 13. Na2 c5 14. b3 a5 15. c3 Rd8 16. Rc1 Qb8 17. Qc2 Rc8 18. Qb2 Bg7 19. cxb4 1/2-1/2

[Event "Barcelona Sant Marti op-A 22nd"]
[Site "Barcelona"]
[Date "2022.07.19"]
[Round "7"]
[White "Paniagua Garcia, Jose Manuel"]
[Black "Morell, Ludvig"]
[Result "1/2-1/2"]
[WhiteElo "2082"]
[BlackElo "1867"]
[PlyCount "237"]
[EventDate "2022.07.13"]
[EventType "swiss"]
[EventRounds "9"]
[EventCountry "ESP"]
[SourceTitle "CBM 209 Extra"]
[Source "ChessBase"]
[SourceDate "2022.09.30"]
[SourceVersion "1"]
[SourceVersionDate "2022.09.30"]
[SourceQuality "1"]

1. e4 c5 2. Nf3 d6 3. d4 cxd4 4. Nxd4 Nf6 5. Nc3 a6 6. Be2 e5 7. Nb3 Be6 8. 0-0 Nbd7 9. Be3 Be7 10. f3 0-0 11. Qe1 d5 12. exd5 Nxd5 13. Nxd5 Bxd5 14. Rd1 Be6 15. f4 f5 16. Nc5 Bxc5 17. Bxc5 Rf7 18. fxe5 Rc8 19. Bd4 Rxc2 20. Bf3 Qc7 21. Rf2 Rxf2 22. Kxf2 Nc5 23. Qe3 f4 24. Qa3 b6 25. b4 Nd7 26. Rc1 Qb8 27. Qc3 Nf8 28. a3 Rd7 29. Kf1 Qd8 30. Bf2 b5 31. Be2 Bd5 32. Qc8 Qg5 33. Bf3 Bxf3 34. gxf3 Qxe5 35. Re1 Qf6 36. Bc5 Rd8 37. Qc7 h6 38. Re7 Rd1+ 39. Ke2 Ra1 40. Kf2 Ra2+ 41. Re2 Qh4+ 42. Kf1 Qh3+ 43. Ke1 Ra1+ 44. Kd2 Qxf3 45. Bd4 Ra2+ 46. Kc1 Qxa3+ 47. Bb2 Ra1+ 48. Kc2 Qa4+ 49. Kc3 Rg1 50. Qxf4 Qa2 51. Rf2 Nd7 52. Qd4 Qe6 53. Kc2 Rg4 54. Rf4 Rg2+ 55. Kb1 Rg6 56. Re4 Rg1+ 57. Kc2 Rg2+ 58. Kb1 Rg1+ 59. Kc2 Qf5 60. Kb3 Qf7+ 61. Kc2 Qc4+ 62. Qxc4+ bxc4 63. h4 g5 64. hxg5 Rxg5 65. Rxc4 Rg6 66. Rc8+ Kf7 67. Bd4 Nb6 68. Rc7+ Ke8 69. Ra7 Nd5 70. Bc5 Rc6 71. Kd2 Nc7 72. Ke2 Kd7 73. Rb7 Kc8 74. Rb6 Rxb6 75. Bxb6 Nd5 76. Bc5 Kb7 77. Bf8 h5 78. Kd3 Kc6 79. Kc4 h4 80. Bg7 Ne3+ 81. Kd3 Nf5 82. Be5 Kd5 83. Bc7 Nh6 84. Ke2 Ke4 85. Kf2 Kf5 86. Kf3 Nf7 87. Kg2 Kg4 88. Kh2 Nh6 89. Bb8 Nf5 90. Bc7 h3 91. Bb6 Nh4 92. Bc7 Nf3+ 93. Kh1 Kf5 94. Bd6 Ke4 95. Bf8 Kd5 96. Be7 Kc4 97. Bf8 Ne5 98. Kh2 Nc6 99. b5 Kxb5 100. Kxh3 a5 101. Kg3 a4 102. Kf2 Nb4 103. Ke2 a3 104. Kd2 a2 105. Bg7 Kc4 106. Ba1 Kb3 107. Bc3 Nc6 108. Ba1 Na5 109. Kc1 Nc4 110. Bg7 Nb6 111. Ba1 Na4 112. Kd2 Nc5 113. Bg7 Ne4+ 114. Kd3 Nd6 115. Kd2 Nc4+ 116. Kc1 Na3 117. Bf6 Nb5 118. Ba1 Nc3 119. Kd2 1/2-1/2

[Event "Norrkoeping Easter op"]
[Site "Norrkoeping"]
[Date "2022.04.15"]
[Round "1"]
[White "Morell, Ludvig"]
[Black "Pantzar, Milton"]
[Result "0-1"]
[WhiteElo "1827"]
[BlackElo "2432"]
[PlyCount "66"]
[EventDate "2022.04.15"]
[EventType "swiss"]
[EventRounds "8"]
[EventCountry "SWE"]
[SourceTitle "CBM 207 Extra"]
[Source "ChessBase"]
[SourceDate "2022.05.31"]
[SourceVersion "1"]
[SourceVersionDate "2022.05.31"]
[SourceQuality "1"]

1. e4 c6 2. Nc3 d5 3. Nf3 dxe4 4. Nxe4 Nf6 5. Nxf6+ exf6 6. d4 Bd6 7. Bd3 0-0 8. 0-0 Bg4 9. h3 Bh5 10. Be3 Re8 11. c4 Nd7 12. a3 a5 13. b3 Nf8 14. Be2 Bc7 15. d5 Bxf3 16. Bxf3 Qd6 17. Re1 Qh2+ 18. Kf1 Rad8 19. Qc2 c5 20. Ke2 Ng6 21. Rh1 Qe5 22. g3 f5 23. Kd2 b5 24. Qc3 Qe7 25. Rhe1 Be5 26. Qc1 b4 27. axb4 axb4 28. Ra4 Bc3+ 29. Kc2 Bxe1 30. Qxe1 f4 31. gxf4 Nxf4 32. Qh1 Qf6 33. Bxf4 Qc3+ 0-1

[Event "SWE-chT U16 final"]
[Site "Lund"]
[Date "2016.08.12"]
[Round "1.6"]
[White "Sun, Eric"]
[Black "Morell, Ludvig"]
[Result "1/2-1/2"]
[WhiteElo "1083"]
[BlackElo "1224"]
[PlyCount "88"]
[EventDate "2016.08.12"]
[EventType "team-tourn"]
[EventRounds "5"]
[EventCountry "SWE"]
[SourceTitle "EXT 2019"]
[Source "ChessBase"]
[SourceDate "2018.10.10"]
[SourceVersion "1"]
[SourceVersionDate "2018.10.10"]
[SourceQuality "1"]
[WhiteTeam "Manhem"]
[BlackTeam "Lund"]
[WhiteTeamCountry "SWE"]
[BlackTeamCountry "SWE"]

1. d4 d5 2. c4 dxc4 3. Nc3 c6 4. Bf4 Nf6 5. e3 Be6 6. Nf3 g6 7. Be2 Bg7 8. 0-0 0-0 9. Ne5 Nd5 10. Bg3 Nd7 11. Nxd7 Nxc3 12. bxc3 Qxd7 13. Rb1 a6 14. Qc2 b5 15. a4 Rab8 16. Bxb8 Rxb8 17. Bf3 Bf5 18. e4 Be6 19. Rb2 Rd8 20. axb5 cxb5 21. Rd1 Qc8 22. Qb1 Bd7 23. Be2 Qb8 24. Bxc4 Qc7 25. Bf1 Qxc3 26. Rc2 Qa5 27. Qa2 Qb6 28. Rc5 Bxd4 29. Rd5 Be6 30. Rxd8+ Qxd8 31. Qd2 Bxf2+ 32. Kxf2 Qb6+ 33. Qe3 Qa5 34. Kg1 Qc7 35. Qd4 Qb7 36. Be2 b4 37. Ra1 b3 38. Qb2 Qb6+ 39. Kh1 a5 40. Bd1 Qb4 41. h3 a4 42. Bf3 Bc4 43. e5 Bb5 44. Bd5 Qc5 1/2-1/2

[Event "Vaxjo op"]
[Site "Vaxjo"]
[Date "2015.02.13"]
[Round "1"]
[White "Johansson, Krister"]
[Black "Morell, Ludvig"]
[Result "1/2-1/2"]
[WhiteElo "1575"]
[BlackElo "1178"]
[PlyCount "90"]
[EventDate "2015.02.13"]
[EventType "swiss"]
[EventRounds "8"]
[EventCountry "SWE"]
[SourceTitle "CBM 164 Extra"]
[Source "ChessBase"]
[SourceDate "2015.03.02"]
[SourceVersion "1"]
[SourceVersionDate "2015.03.02"]
[SourceQuality "1"]

1. Nf3 Nc6 2. g3 e5 3. d3 d5 4. Bg2 Nf6 5. 0-0 Bc5 6. Nbd2 0-0 7. e4 dxe4 8. dxe4 Nd4 9. c3 Nxf3+ 10. Qxf3 Bg4 11. Nc4 Bxf3 12. Bxf3 Qd3 13. Nxe5 Qd6 14. Nc4 Qd8 15. Bg5 h6 16. Rad1 Qe7 17. e5 hxg5 18. exf6 Qxf6 19. Bxb7 Rab8 20. Bg2 Rbd8 21. Rde1 Rfe8 22. Ne3 Bxe3 23. fxe3 Qb6 24. Rf3 Qxb2 25. Ref1 Rf8 26. R3f2 Qxc3 27. Rf3 Rde8 28. e4 Qd4+ 29. Kh1 Rxe4 30. Rf5 Re5 31. R5f2 Rfe8 32. Rxf7 Re1 33. Rxc7 Rxf1+ 34. Bxf1 Rf8 35. Bc4+ Qxc4 36. Rxc4 Rf1+ 37. Kg2 Rb1 38. Rc7 Rb2+ 39. Kh3 Rxa2 40. Rc8+ Kh7 41. Rc6 a6 42. Kg4 g6 43. Kxg5 Ra5+ 44. Kg4 Rh5 45. h4 Ra5 1/2-1/2